1147 1828 1624 1894 1512 1510 1644 2000 1474 1027 1335 1791 1873 1989 1437 1203 1763 1116 1473 1156 1467 1729 1744 2000 1784 1401 1445 1250 1438 1783 1916 1460 1016 1064 1586 1473 1888 1163 1931 1850 1189 1833 1443 1953 1323 1757 1721 1917 1792 1225 1202 1430 1902 1722 1756 1547 1823 1581 1464 1146 1268 1025 1119 1726 1924 1289 1650 1216 1313 1384 1510 1015 1310 1599 1130 1561 1649 1387 1528 1680 1064 1578 1689 1266 1732 1070 1582 1575 1683 1666 1920 1211 1813 1336 1712 1793 1986 1491 1164 BCNSPRNW ULIB Ver.6.0+V

เปลี่ยนเป็นภาษาไทย

Change to English
 แสดงรายละเอียดบรรณานุกรม
  กลับหน้าหลัก

Brief Record : Get Marc (ISO 2709) : E-mail record : QR code < ปิดหน้าต่าง
LEADER : 00000nas 2200000uu 4500
001    13399124373
003     ULIB
008    150529s||||||||th 000 0 tha d
022 0  1906-7925
110 1  วิทยาลัยพยาบาลสภากาชาดไทย
245 00 วารสารพยาบาลสภากาชาด /^cวิทยาลัยพยาบาลสภากาชาดไทย
310    ^aราย 6 เดือน
850 ^a ULIB^bปีที่ 7 ฉบับที่ 1 ฉ.1 ;ปีที่ 7 ฉบับที่ 2 ฉ.1
945    ^p0^l0^i903017
945    ^p0^l0^i903018
999    ^aเกษร โพธิ์สุวรรณ
รายการนี้ยังไม่มีแท็ก
คุณยังไม่ได้ล็อกอิน คุณสามารถมีกิจกรรมร่วมกับเว็บไซต์ได้ แต่ต้องล็อกอินก่อน ::
  ล็อกอิน

รายการสื่อสารสนเทศ (วารสาร)

ดูแบบ: กล่อง รายการ
ARRIVED
ปีที่ 7 ฉบับที่ 1 ฉ.1
สถานที่: ห้องสมุดวิทยาเขตสวรรค์ประชารักษ์ >หนังสือทั่วไป
ARRIVED
ปีที่ 7 ฉบับที่ 2 ฉ.1
สถานที่: ห้องสมุดวิทยาเขตสวรรค์ประชารักษ์ >วารสาร

BibComment


ยังไม่เคยถูกคอมเมนท์

คอมเมนท์ทรัพยากรรายการนี้
  คอมเมนท์: วารสารพยาบาลสภากา..


 Copyright 2026. Bcnsprnw @Library